000 00519nam a2200181Ia 4500
999 _c14196
_d14196
003 OSt
005 20201103120532.0
008 190216s9999||||xx |||||||||||||| ||und||
020 _a9788186830574
040 _coclc
082 _a920
_bSIN/T
100 _aSinghal, Rahul
_96223
245 0 _aToday`s `iron Man` :
_b Life & Times Of Lal Krishna Advani /
_cRahul Singhal
260 _bPentagon Press,
_c2002.
300 _a156p
650 _aEnglish
942 _cBK
_2ddc
_h920
_iSIN/T
_k920
_mSIN/T